| 000 | 01380pam a2200325 a 4500 | ||
|---|---|---|---|
| 001 | 3086764 | ||
| 003 | Nust | ||
| 005 | 20250714111206.0 | ||
| 008 | 980511s1999 nyua bf 001 0 eng | ||
| 010 | _a 98008017 | ||
| 020 | _a0471177830 (alk. paper) | ||
| 040 |
_aDLC _cDLC _dDLC |
||
| 050 | 0 | 0 |
_aTS191.8 _b.H36 1999 |
| 082 | 0 | 0 |
_a670.42/72 _221 _bNOF |
| 100 |
_a Nof, Shimon Y. _9129812 |
||
| 245 | 0 | 0 |
_aHandbook of industrial robotics / _cShimon Y. Nof. |
| 250 | _a2nd ed. | ||
| 260 |
_aNew York : _bJohn Wiley, _cc1999. |
||
| 300 |
_axxii, 1348 p. : _bill. ; _c25 cm. + _e1 computer laser optical disc (4 3/4 in.) |
||
| 504 | _aIncludes bibliographical references and index. | ||
| 538 | _aSystem requirements for accompanying computer disc: Windows 95 or better. | ||
| 650 | 0 |
_aRobots, Industrial _xHandbooks, manuals, etc. _9129813 |
|
| 700 | 1 |
_aNof, Shimon Y., _d1946- _9129814 |
|
| 856 | 4 | 2 |
_3Contributor biographical information _uhttp://www.loc.gov/catdir/bios/wiley047/98008017.html |
| 856 | 4 | 2 |
_3Publisher description _uhttp://www.loc.gov/catdir/description/wiley032/98008017.html |
| 856 | 4 |
_3Table of Contents _uhttp://www.loc.gov/catdir/toc/onix02/98008017.html |
|
| 906 |
_a7 _bcbc _corignew _d1 _eocip _f19 _gy-gencatlg |
||
| 942 |
_2ddc _cBK |
||
| 999 |
_c48096 _d48096 |
||